000 00864nam a2200289Ia 4500
001 Para_7884
003 CHAP
008 220125s1920 xx 000 0 und d
010 _a206833
040 _cCHAP
082 _aPA-C 595.75 H4
100 _aSanders, J. G.
245 _aFour papers on homopterous insects /
_c by J. G. Sanders
300 _a21 p.
440 _aHemiptera ; 7
_9173136
500 _aEncuadernado con otros impresos similares
650 _a
_x Hemípteros
_x colecciones de escritos /
_x Cicadellidae /
_x Homopteros
_9173155
700 _aDelong, D. M.
_9172066
710 _aPennsyvania Depart. of Agric. General Bull; 346
_9173156
901 _aPA-C 595.75 H4
902 _aA
905 _a0000001920 0000000000 00
910 _a1920
942 _cPARA
942 _cPARA
_d1
999 _c206833
_d206833